Jurisprudencia del rǧimen seccional Primera parte

Bibliographic Details
Main Author: Pèz Benalcz̀ar, Andrš
Format: eBook
Language:Spanish
Published: Quito: Corporacin̤ Editoria Nacional, 2004
Subjects:
Online Access:Acceso restringido

MARC

LEADER 00000nam a22000007a 4500
005 20141021203626.0
007 cr|||| ||||
008 141021s2004 ec |||||s|||| 00||0 spa d
020 |a 9978-84-365-5 
035 |a 12482 
040 |a vLex 
090 |c 5250  |d 5250 
100 1 |a Pèz Benalcz̀ar, Andrš 
245 1 0 |a Jurisprudencia del rǧimen seccional  |h [Recurso electrn̤ico] /  |c Andrš Pèz Benalcz̀ar  |n Primera parte 
256 |a Servicio en ln̕ea 
260 |a Quito:  |b Corporacin̤ Editoria Nacional,  |c 2004 
300 |a 1 recurso electrn̤ico 
500 |a Resoluciones del tribunal constitucional. 
506 1 |a Disponible solo en los productos indicados  |d vLex Global  |d vLex Global (Academic Edition, excluding Law Schools)  |d vLex Global (U.S. Academic Edition, Law Schools)  |d vLex Global (U.S. Academic Edition, excluding Law Schools)  |d vLex Global (Academic Edition, Law Schools) 
650 0 4 |a Poder Judicial  |z Ecuador 
740 0 |a vLex Libros (Servicio en ln̕ea) 
856 4 0 |u http://vlex.com/source/jurisprudencia-regimen-seccional-primera-parte-12482  |z Acceso restringido 
942 |c BOOK 
999 0 |a Judiciary